000 00439nam a22001817a 4500
003 MPLRDC
005 20220104114021.0
008 210129b ||||| |||| 00| 0 eng d
082 _a830.8 EYCS v.97
100 _a张默编
245 _a剪成碧玉叶层层
_c
250 _a六印
260 _a
_b尔雅出版社
_c1988
300 _b
490 _a尔雅丛书. 97
650 _a中国文学总集
942 _cBK
_o830.8 EYCS v.97
999 _c4161
_d4151